| 000 | 00575nam a2200241 a 4500 | ||
|---|---|---|---|
| 001 | nice12345678 | ||
| 003 | IN_TiNIC | ||
| 005 | 20260116011359.0 | ||
| 008 | 050524s1956 khaa grp 000 0 urd | ||
| 020 |
_a _c100 |
||
| 082 | 0 | 0 |
_a233 _bJAL |
| 100 | _aJalaluddin, P | ||
| 245 | _aMain Mukhtar Hun | ||
| 260 |
_aKharar _bMashal Printing Press _c1956 |
||
| 300 | _a30p | ||
| 500 | _aincludes index and biblioraphy | ||
| 505 | 2 | _aNoor Aur Sachai | |
| 650 | _aMan-Christian Theology | ||
| 700 | 1 | _aJalaluddin, P | |
| 902 | _bSRS | ||
| 942 | _cBK | ||
| 999 |
_c1020 _d1020 |
||